| 000 | 00492nam a2200193Ia 4500 | ||
|---|---|---|---|
| 005 | 20250425161410.0 | ||
| 008 | 250425s9999 xx 000 0 und d | ||
| 041 | _aeng | ||
| 082 | _a660 | ||
| 110 | _aCHEMTEC PROJECT WRITING TEAM | ||
| 245 | 0 | _aMODERN CHEMICAL TECHNILOGY | |
| 250 | _a1TH ED. | ||
| 260 |
_aEstados Unidos _bCHEMICAL TECHNICIAN CURRICULUM PROJECT _c1973 |
||
| 260 | _aWASHINGTON | ||
| 300 | _a1358 | ||
| 650 | _aTECNOLOGIA QUIMICA | ||
| 942 | _c01 | ||
| 010 | _a19404 | ||
| 999 |
_c208431 _d208431 |
||